English for Business Studies. A course for Business Studies and Economics students: Student's Book

গ্রন্থ-পঞ্জীর বিবরন
প্রধান লেখক: MacKenzie I. Ian
ভাষা:ইংরেজি
প্রকাশিত: New York, Cambridge University Press, 2006
সংস্করন:2nd ed.
বিষয়গুলি:
বিন্যাস: MixedMaterials গ্রন্থ
KOHA link:https://koha.lib.tpu.ru/cgi-bin/koha/opac-detail.pl?biblionumber=133934

MARC

LEADER 00000nam0a2200000 4500
001 133934
005 20231031135505.0
010 |a 052175285X 
035 |a (RuTPU)RU\TPU\book\145177 
035 |a RU\TPU\book\139162 
090 |a 133934 
100 |a 20080324d2007 m y0engy50 ba 
101 0 |a eng 
102 |a US 
105 |a a j 001zy 
200 1 |a English for Business Studies. A course for Business Studies and Economics students  |e Student's Book  |f I. MacKenzie 
205 |a 2nd ed. 
210 |a New York  |c Cambridge University Press  |d 2006 
215 |a 208 p.  |c ил. 
320 |a Glossary: p. 194-208. 
610 1 |a английский язык 
610 1 |a лексика 
610 1 |a разговорная речь 
610 1 |a деловое общение 
610 1 |a экономика 
610 1 |a бизнес 
610 1 |a учебные пособия 
686 |a Ш143.21-923.4  |v LBC/SL-A  |2 rubbk 
700 1 |a MacKenzie  |b I.  |g Ian 
801 1 |a RU  |b 63413507  |c 20080109  |g PSBO 
801 2 |a RU  |b 63413507  |c 20221212  |g PSBO 
942 |c BK 
959 |a 96/20071224  |d 21  |e 374,78  |f ЧЗИЛ:1  |f ЯЦ_ФТФ:10  |f ЯЦ_МСФ:10